Re-centering the Sufi Shrine: a metaphysics of presence

Recentering the Sufi Shrine is a study of ritual, Sufi eschatology, and vernacular theopoetics of pilgrimage to Sufi shrines in the Indus region of Pakistan. The book examines the distinction between two different ritual contestations over pilgrimage to Sufi tombs: (1) an exposition of Ṭariqa-i Muha...

Full description

Saved in:  
Bibliographic Details
Main Author: Khan, Irfan Moeen (Author)
Format: Electronic Book
Language:English
Subito Delivery Service: Order now.
Check availability: HBZ Gateway
Interlibrary Loan:Interlibrary Loan for the Fachinformationsdienste (Specialized Information Services in Germany)
Published: Berlin Boston De Gruyter 2023
In:Year: 2023
Series/Journal:Islamkundliche Untersuchungen 348
Standardized Subjects / Keyword chains:B Industiefland / Sufi / Shrine / Pilgrimage / Ritual
Further subjects:B Islamic shrines (Pakistan)
B Sufism Rituals
B Ṭariqa-i Muḥammadiyya
B Islam / Religion / Generals
B Metaphysics
B Generals / SCIENCE
B Ḥāẓirī
B Muslim pilgrims and pilgrimages (Pakistan)
B al-Fātiḥa
B Saints
B Bulleh Shah
B Sufi / Islam / RELIGION 
B Sufism
B Islamic eschatology
Online Access: Cover (Publisher)
Volltext (lizenzpflichtig)
Volltext (lizenzpflichtig)
Parallel Edition:Non-electronic

MARC

LEADER 00000cam a2200000 c 4500
001 1833324323
003 DE-627
005 20260219093300.0
007 cr uuu---uuuuu
008 230206s2023 gw |||||o 00| ||eng c
020 |a 9783110781496 
024 7 |a 10.1515/9783110781496  |2 doi 
035 |a (DE-627)1833324323 
035 |a (DE-599)KEP086239643 
035 |a (DE-B1597)617009 
035 |a (DE-627-1)086239643 
040 |a DE-627  |b ger  |c DE-627  |e rda 
041 |a eng 
044 |c XA-DE 
050 0 |a BP187.55.P18 
072 7 |a REL090000  |2 bisacsh 
072 7 |a REL 037000  |2 bisacsh 
072 7 |a REL 090000  |2 bisacsh 
072 7 |a SCI 000000  |2 bisacsh 
082 0 |a 297.430095491  |q SEPA  |2 23/ger 
082 0 |a 297.4/3  |2 23/eng/20230309 
082 0 |a 297.43 
084 |a 0  |2 ssgn 
084 |a 11.83  |2 bkl 
100 1 |e VerfasserIn  |0 (DE-588)1278724486  |0 (DE-627)1831658895  |4 aut  |a Khan, Irfan Moeen 
109 |a Khan, Irfan Moeen  |a Moeen, Irfan Khan 
245 1 0 |a Re-centering the Sufi Shrine  |b a metaphysics of presence  |c Irfan Moeen Khan 
264 1 |a Berlin  |a Boston  |b De Gruyter  |c 2023 
264 4 |c ©2023 
300 |a 1 Online-Ressource (X, 242 p.) 
336 |a Text  |b txt  |2 rdacontent 
337 |a Computermedien  |b c  |2 rdamedia 
338 |a Online-Ressource  |b cr  |2 rdacarrier 
490 0 |a Islamkundliche Untersuchungen  |v 348 
505 8 0 |t Frontmatter 
505 8 0 |t Acknowledgements 
505 8 0 |t Contents 
505 8 0 |t Introduction 
505 8 0 |t Chapter One. A Case of Ritual Incongruity in the Practice of Ziyāra: Ḥāẓirī and Fātiḥa 
505 8 0 |t Chapter Two. Study of Sufism and Ritual 
505 8 0 |t Chapter Three. Ritual and the Politics of Sufism: Governing the Tombs 
505 8 0 |t Chapter Four. Ritual and Bulleh Shāh 
505 8 0 |t Chapter Five. Festival Ritual 
505 8 0 |t Chapter Six. Ḥāẓirī and the Ritual of Samā‘ 
505 8 0 |t Conclusion 
505 8 0 |t Bibliography 
505 8 0 |t Index 
506 1 |a Restricted Access  |e Controlled Vocabulary for Access Rights  |u http://purl.org/coar/access_right/c_16ec  |f online access with authorization  |2 star 
520 |a Recentering the Sufi Shrine is a study of ritual, Sufi eschatology, and vernacular theopoetics of pilgrimage to Sufi shrines in the Indus region of Pakistan. The book examines the distinction between two different ritual contestations over pilgrimage to Sufi tombs: (1) an exposition of Ṭariqa-i Muhammadiyya’s millenarian Scripturalist reform of Sufism, and (2) Bulleh Shah’s (d. 1767) vernacular Sufism, a hard-hitting Sufi-poet of textual ("bookish") knowledge of religious scholars. This is the first work examining the legal theology of ritual intervention in using scripture to regulate the resurrected bodies of saints, on the one hand, and the ritual metaphysics of presence in understanding the significance and meaning of Sufi shrines, on the other 
530 |a Issued also in print 
533 |a Reproduktion  |n Issued also in print 
546 |a In English 
601 |a Metaphysik 
650 0 |a Islamic eschatology 
650 0 |a Islamic shrines  |z Pakistan 
650 0 |a Muslim pilgrims and pilgrimages  |z Pakistan 
650 0 |a Sufism  |x Rituals 
650 4 |a Bulleh Shah 
650 4 |a Ṭariqa-i Muḥammadiyya 
650 4 |a al-Fātiḥa 
650 4 |a Ḥāẓirī 
650 4 |a Bulleh Shah 
650 4 |a Ṭariqa-i Muḥammadiyya 
650 4 |a al-Fātiḥa 
650 4 |a Ḥāẓirī 
650 4 |a RELIGION / Islam / Sufi 
650 4 |a Heiligenverehrung 
650 4 |a Religion / Islam / General 
650 4 |a Metaphysik 
650 4 |a SCIENCE / General 
650 4 |a Sufismus 
689 0 0 |d g  |0 (DE-588)4495855-9  |0 (DE-627)242231691  |0 (DE-576)213026937  |2 gnd  |a Industiefland 
689 0 1 |d s  |0 (DE-588)4221439-7  |0 (DE-627)105010073  |0 (DE-576)210273178  |2 gnd  |a Sufi 
689 0 2 |d s  |0 (DE-588)4257167-4  |0 (DE-627)104677031  |0 (DE-576)210561556  |2 gnd  |a Schrein 
689 0 3 |d s  |0 (DE-588)4064460-1  |0 (DE-627)104522860  |0 (DE-576)209153628  |2 gnd  |a Wallfahrt 
689 0 4 |d s  |0 (DE-588)4050164-4  |0 (DE-627)106183532  |0 (DE-576)209085878  |2 gnd  |a Ritual 
689 0 |5 (DE-627) 
776 1 |z 9783110781557  |c  : EPUB 
776 1 |z 9783110781021  |c  : print 
776 0 8 |i Erscheint auch als  |n Druck-Ausgabe  |a Khan, Irfan Moeen  |t Re-centering the sufi shrine  |d Berlin : De Gruyter, 2023  |h X, 242 Seiten  |w (DE-627)1814140840  |z 9783110781021  |z 3110781026  |k Non-Electronic 
856 4 0 |u https://doi.org/10.1515/9783110781496  |m X:GRUY  |x Resolving-System  |z lizenzpflichtig  |7 1 
856 4 0 |u https://www.degruyterbrill.com/isbn/9783110781496  |m X:GRUY  |x Verlag  |z lizenzpflichtig  |7 1 
856 4 2 |u https://www.degruyterbrill.com/document/cover/isbn/9783110781496/original  |m X:GRUY  |x Verlag  |3 Cover  |7 1 
912 |a EBA-CL-PLTLJSIS 
912 |a EBA-DGALL 
912 |a EBA-EBKALL 
912 |a EBA-ECL-PLTLJSIS 
912 |a EBA-EEBKALL 
912 |a EBA-ESSHALL 
912 |a EBA-SSHALL 
912 |a GBV-deGruyter-alles 
912 1 |a ZDB-23-DGF  |b 2023 
912 1 |a ZDB-23-DGG  |b 2023 
912 |a BSZ-23-EBA-C1UB 
912 |a EBA-EBKALL2 
912 |a EBA-SSHALL2 
912 |a EBA-EEBKALL2 
912 |a EBA-EXCL 
912 |a EBA-ESSHALL2 
912 |a ZDB-23-90  |b 2023 
912 |a ZDB-23-23  |b 2023 
912 |a ZDB-23-89  |b 2023 
936 b k |a 11.83  |j Strömungen  |j Glaubensrichtungen  |x Islam  |q DA-3  |0 (DE-627)106408399 
951 |a BO 
ELC |a 1 
ITA |a 1  |t 1 
LOK |0 000 xxxxxcx a22 zn 4500 
LOK |0 001 4268179135 
LOK |0 003 DE-627 
LOK |0 004 1833324323 
LOK |0 005 20230207104309 
LOK |0 008 230207||||||||||||||||ger||||||| 
LOK |0 040   |a DE-21  |c DE-627  |d DE-21 
LOK |0 092   |o k  |p p 
LOK |0 689   |a s  |a eBook-DeGruyter-EBS-2021-2022 
LOK |0 852   |a DE-21 
LOK |0 852 1  |9 00 
LOK |0 85640  |u https://www.degruyter.com/isbn/9783110781496  |z Zugang für die Universität Tübingen 
LOK |0 912   |a EBA-EBKALL 
LOK |0 935   |a ebok  |a lbok 
LOK |0 939   |a 07-02-23  |b l01 
ORI |a TA-MARC-ixtheoa001.raw 
REL |a 1 
STA 0 0 |a Metaphysics,Prima philosophia,Pilgrimage,Pilgrimage,Place of pilgrimage,Pilgrimage place,Pilgrims and pilgrimages in art,Ritual,Ritual,Rite,Ritual in art,Rites and ceremonies in literature,Rites and ceremonies in art,Saints,Saints,Veneration of saints,Shrine,Shrine,Shinto temple,Sufi,Sufism,Sufism,Sofism,Islam,Islamic mysticism,Mysticism 
STB 0 0 |a Culte des saints,Dulie,Dulie,Métaphysique,Pèlerinage,Pèlerinage,Rituel,Rituel,Soufi,Soufisme,Soufisme,Écrin,Sanctuaire,Châsse,Châsse 
STC 0 0 |a Cofre,Santuario shintoísta,Relicario,Relicario,Culto a los santos,Metafísica,Peregrinación,Peregrinación,Ritual,Ritual,Sufismo,Sufismo,Sufí 
STD 0 0 |a Metafisica,Pellegrinaggio,Pellegrinaggio,Rituale,Rituale,Scrigno,Jinja,Santuario shintoista,Santuario shintoista,Sufi,Sufismo,Sufismo,Venerazione dei santi 
STE 0 0 |a 仪式,形而上学,敬奉,敬礼,朝圣,朝圣,朝圣之旅,朝圣之旅,神龛,神社,圣坛,苏菲主义,苏菲派 
STF 0 0 |a 儀式,形而上學,敬奉,敬禮,朝聖,朝聖,朝聖之旅,朝聖之旅,神龕,神社,聖壇,蘇菲主義,蘇菲派 
STG 0 0 |a Cofre,Santuário xintoísta,Relicário,Relicário,Culto aos santos,Metafísica,Peregrinação,Peregrinação,Romaria (Motivo),Romaria,Ritual,Ritual,Sufi,Sufismo,Sufismo 
STH 0 0 |a Ларец,Святилище (шинтоизм),Метафизика,Паломничество (мотив),Паломничество,Поклонение святым,Ритуал (мотив),Ритуал,Суфизм (мотив),Суфизм,Суфист 
STI 0 0 |a Βωμός,Βωμός (Σιντοϊσμός),Λατρεία των αγίων,Μεταφυσική,Προσκύνημα (μοτίβο),Προσκύνημα,Σουφισμός (μοτίβο),Σουφισμός,Σούφι,Τελετουργία (μοτίβο),Τελετουργία 
SUB |a REL 
SYE 0 0 |a Hagiodulie,Heiligenkult,Heiliger , Prima Philosophia , Ṣūfismus,Islamische Mystik,Sufik,Taṣauwuf,Taṣawwuf,Sufitum,Tasavvuf,تصوف 
SYG 0 0 |a Indus-Gebiet,Indus,Region , Schrein,Schinto-Schrein,Shinto-Schrein,Schintoistischer Tempel,Jinja , Pilgerfahrt,Pilgerfahrt,Pilgerreise,Wallfahrtsort,Wallfahrten,Pilgerfahrt,Pilgerreise,Wallfahrtsort,Wallfahrten , Papyrus des Imuthes,Le Papyrus d'Imouthès, fils de Psintaês , Ritus <Soziologie>,Rituale,Ritus,Rituale